Test bench development for a series HEV (Record no. 13027)

000 -LEADER
fixed length control field 00506nam a22001457a 4500
082 ## - DEWEY DECIMAL CLASSIFICATION NUMBER
Classification number BEE-2 AWA
100 ## - MAIN ENTRY--PERSONAL NAME
Personal name Muhammad Awais Ehsan
9 (RLIN) 93250
245 ## - TITLE STATEMENT
Title Test bench development for a series HEV
260 ## - PUBLICATION, DISTRIBUTION, ETC.
Place of publication, distribution, etc. Islamabad
Name of publisher, distributor, etc. NUST-SEECS
Date of publication, distribution, etc. 2014
300 ## - PHYSICAL DESCRIPTION
Extent 43
Other physical details 25cm
Accompanying material CD ROM
500 ## - GENERAL NOTE
General note Supervisors: Dr. Awais M. Kamboh, Mr. Habeel Ahmed, Dr. Syed Muhammad Raza Kazmi
700 ## - ADDED ENTRY--PERSONAL NAME
Personal name Muhammad Haseeb Younus, Umair Aslam
9 (RLIN) 93251
856 ## - ELECTRONIC LOCATION AND ACCESS
Uniform Resource Identifier <a href="http://10.250.8.41:8080/xmlui/handle/123456789/9477">http://10.250.8.41:8080/xmlui/handle/123456789/9477</a>
942 ## - ADDED ENTRY ELEMENTS (KOHA)
Koha item type Project Report
Source of classification or shelving scheme
Holdings
Withdrawn status Lost status Source of classification or shelving scheme Damaged status Not for loan Permanent Location Current Location Shelving location Date acquired Full call number Barcode Date last seen Price effective from Koha item type
WITHDRAWN         Central Library (CL) Central Library (CL) General Stacks 08/26/2014 BEE-2 AWA SEECSP01559 10/26/2014 01/05/2017 Project Report
© 2023 Central Library, National University of Sciences and Technology. All Rights Reserved.